| 000 | 00449nam a2200169 a 4500 | ||
|---|---|---|---|
| 005 | 20140310183228.0 | ||
| 008 | 040311s19uu xx 00 eng d | ||
| 020 | _a0002232294 | ||
| 050 |
_aPZ 4 _b.D526 1985 |
||
| 100 | _aDexter, Susan | ||
| 245 |
_aThe Winter King's war : _bthe ring of allaire / _cSusan Dexter. |
||
| 260 |
_aLondon : _bCollins, _c1987. |
||
| 300 |
_a231 p. : _c20cm. |
||
| 650 | _aFiction | ||
| 942 |
_cBK _2lcc |
||
| 999 |
_c20450 _d20450 |
||